Les arrêts de bus du C2 - Saint-Nazaire - Statistiques

Statistiques générales
  • Ce quiz a été pris 11 fois
  • Le résultat moyen est 9 sur 22
Statistiques - réponses
Ordre Arrêt de Bus % Correct
1 Gare SNCF
89%
7 Calmette
78%
9 Jean de neyman
78%
6 Tranchée
78%
10 Villeneuve
67%
11 Arc en ciel
56%
13 Commandières
44%
2 Paul Perrin
44%
14 Point du jour
44%
22 Bois de Brais
33%
12 Chemin vert
33%
18 La rivière
33%
15 Marsain
33%
5 Mermoz
33%
3 Toutes Aides
33%
19 Trévelan
33%
16 Beauregard
22%
4 Fraternité
22%
17 Les prés
11%
21 Picsac
11%
20 Le Grillon
0%
8 Moulin du pré
0%
Aucun quiz correspondant
Distribution des résultats
% des personnes avec chaque résultat
Percentile par nombre de réponses
Votre historique - résultats
Vous n’avez pas pris ce quiz